| 000 | 00730nam a2200217 a 4500 | ||
|---|---|---|---|
| 003 | MX-MxUPN | ||
| 005 | 20240430063837.0 | ||
| 008 | 991125s1947 mx r 000 0 spa u | ||
| 035 | _aUPN01000038284 | ||
| 040 |
_aMX-MxUPN _bspa _cMX-MxUPN |
||
| 041 | 0 | _aspa | |
| 050 | 1 | 4 |
_aL809 _bY8 |
| 100 | 1 |
_aPatrón Peniche, Prudencio _928601 |
|
| 245 | 1 | 0 | _aMemorias de la inauguración del Museo Pedagógico Profra. María Lia Souza de Patrón |
| 260 |
_aMéxico : _bImpr. Virginia, _c1947. |
||
| 300 | _a72 páginas | ||
| 500 | _a"Sociedad Progreso y Recreo, Espitia, Yucatán, México" | ||
| 650 | 4 |
_aEducación _zYucatán _94933 |
|
| 710 | 2 |
_aMuseo Pedagógico Nacional (México) _951335 _epropietario anterior |
|
| 942 |
_2lcc _cLIBRO |
||
| 999 |
_c38284 _d38284 |
||